000
00351nam a22001337a 4500
003
SGT
020
_a
8171381324
082
_a
891.4309
_b
R16S
100
_a
सिन्हा, दया प्रकाश
245
_a
रक्त अभिषेक
260
_b
सामयिक प्रकाशन
_c
2016
300
_a
95
942
_2
ddc
_c
BK
999
_c
30587
_d
30587